Statistics for 100 Top 10 Movies of the 1980s

Click here to take the quiz!

General Stats

  • This quiz has been taken 378 times
    (361 since last reset)
  • The average score is 57 of 100

Answer Stats

Clue Movie % Correct
A young man is accidentally sent 30 years into the past in a time traveling DeLoreanBack to the Future
92%
The rebels have been brutally overpowered by the Empire on their newly established baseThe Empire Strikes Back
91%
3 unemployed parapsychology professors set up shop as a ghost removal serviceGhostbusters
91%
Elliot befriends an adorable alien that just wants to phone homeE.T.
88%
Mr Miyagi agrees to teach a bullied boy martial artsThe Karate Kid
88%
Ferris is determined to have a good time, school day or not. Leisure rules!Ferris Bueller's Day Off
86%
Students at the Navy's elite fighter weapons school compete to be best in the classTop Gun
86%
Indy is hired by the US government to find the Ark of the Covenant before the NazisRaiders of the Lost Ark
85%
Luke finally becomes a full fledged Jedi, but the dark side is stronger than everReturn of the Jedi
84%
Balboa takes on Mr. TRocky 3
84%
A reporter goes to the Australian outback to meet an eccentric crocodile poacher and invites him to New York CityCrocodile Dundee
82%
Adorable creatures become malevolent destructors don't get 'em wet and never, EVER feed them after midnight!Gremlins
82%
A toon hating detective is a cartoon rabbit's only hope to prove his innocence when he is accused of murderWho Framed Roger Rabbit?
81%
Clark agrees to sacrifice his powers to marry LoisSuperman 2
81%
Detroit cop chases a killer to the very different environment of CaliforniaBeverly Hills Cop
81%
The Dark Knight begins his war on crime with his first major enemy, the JokerBatman
80%
A good girl falls for her bad boy dance instructorDirty Dancing
80%
Marty has to return to 1955 to fix events - without running into himself!Back to the Future Part II
80%
Balboa takes on the RussiansRocky 4
79%
Jake Blues, just out from prison, puts together his old band to save the Catholic home where he and brother Elwood were raised.The Blues Brothers
78%
A teenager moves to a small town where rock music and dancing have been bannedFootloose
78%
Arriving in India, Indy is asked by a desperate village to find a mystical stoneIndiana Jones and the Temple of Doom
77%
John McClane, officer of the NYPD, tries to save wife Holly Gennaro and several othersDie Hard
77%
Daniel accompanies Mr Miiyagi to Okinawa who is off to see his dying father and confront his old rival, while Daniel inadvertently makes an enemy of his ownThe Karate Kid Part II
75%
A boy wishes to be an adult at a magic wish machineBig
75%
Ripley returns to face not just one Alien, but hordes of themAliens
75%
An unorthodox and irreverent DJ begins to shake up things when he is assigned to the US Armed Services Radio station in VietnamGood Morning, Vietnam
75%
The discovery of a massive river of ectoplasm and a resurgence of spectral activity allows the staff of Ghostbusters to revive the businessGhostbusters 2
74%
The scientist father of a teenage girl and boy accidentally shrinks his and two other neighborhood teens to the size of insectsHoney, I Shrunk The Kids
74%
Three bachelors find themselves forced to take care of a baby left by one of the guys' girlfriendsThree men and a baby
73%
A welder and exotic dancer, wants to become a ballet dancerFlashdance
72%
A group of misfits go on a treasure hunt to save their homesThe Goonies
72%
Detroit cop Axel Foley returns to Beverly Hills to solve another crimeBeverly Hills Cop II
71%
A crew taken ill. Surely the only person capable of landing is an ex pilot afraid to flyAirplane
71%
An African prince goes to Queens, NY to find a wife whom he can respect for her intelligenceComing to America
71%
A physically perfect but innocent man goes in search of his long-lost twin brother, who is a short small-time crookTwins
70%
A young orphan girl's adventures in finding a family that will take herAnnie
69%
A family is terrorized in their new home by unfriendly spiritsPoltergeist
69%
A veteran cop, Murtaugh, is partnered with a young suicidal cop, Riggs. Both having one thing in common; hating working in pairs. Now they must learn to work with one another to stop a gang of drug smugglersLethal Weapon
69%
A mermaid princess makes a Faustian bargain with an unscrupulous sea-witch in order to meet a human prince on landThe Little Mermaid
68%
Australian outback expert protects his New York love from gangsters who've followed her down underCrocodile Dundee II
68%
An out of work actor dresses up as a woman to get a role on a soap and falls in loveTootsie
68%
An old Jewish woman and her African-American chauffeur in the American South have a relationship that grows and improves over the yearsDriving Miss Daisy
66%
A group of misfits face off against police instructorsPolice Academy
66%
A young recruit in Vietnam faces a moral crisis when confronted with the horrors of war and the duality of manPlatoon
66%
When Dr. Henry Jones Sr. suddenly goes missing while pursuing the Holy Grail, eminent archaeologist Indiana Jones must follow in his father's footsteps and stop the NazisIndiana Jones and the Last Crusade
65%
Selfish yuppie Charlie Babbitt's father left a fortune to his savant brother Raymond and a pittance to Charlie; they travel cross-countryRain Man
64%
A man is reunited with a mermaid who saves him from drowning as a boySplash
64%
An investor and a con artist find their positions reversed as part of a betTrading Places
62%
Henry Fonda and Katharine Hepburn, old and in loveOn Golden Pond
61%
A talented New York bartender takes a job at a bar in Jamaica and falls in loveCocktail
61%
Two British runners take a physical and spiritual journey on the path to the 1924 OlympicsChariots of Fire
60%
Riggs and Murtaugh are on the trail of South African diplomats who are using their immunity to engage in criminal activitiesLethal Weapon 2
58%
3 employees of a sexist bigot find a way to turn the tables on him9 to 5
58%
A sheltered young high society woman joins the US army on a whimPrivate Benjamin
58%
Genetically engineered series villain Khan returns to antagonize the crew of the EnterpriseStar Trek 2
57%
A romance writer teams with a low life adventurer to rescue her kidnapped sisterRomancing the Stone
57%
After a single, career-minded woman is left on her own to give birth to the child of a married man, she finds a new romantic chance in a cab driver. Meanwhile the point-of-view of the newborn boy is narrated through voice overLook Who's Talking
56%
A young man finds a back door into a military central computer in which reality is confused with game playingWarGames
56%
Old folks discover the fountain of youth in a swimming pool filled with alien podsCocoon
55%
Federal Agent Eliot Ness sets out to stop Al Capone; because of rampant corruption, he assembles a small, hand-picked teamThe Untouchables
55%
Capt Kirk steals the Enterprise to return to the Genesis planetStar Trek 3
55%
A married man's one night stand comes back to haunt himFatal Attraction
53%
A cop must adjust to Amish life to protect a boy who was the sole witness to a murderWitness
53%
Kirk and Spock time travel to Earth circa 1986Star Trek IV: The Voyage Home
53%
Incompetent cop Frank Drebin has to foil an attempt to assassinate Queen Elizabeth IIThe Naked Gun
49%
After he's laid off, a husband switches roles with his wifeMr Mom
47%
2 friends dissatisfied with their jobs decide to join the army for a bit of funStripes
47%
The Bandit goes on another cross country run, transporting an elephant from Florida to TexasSmokey and the Bandit 2
47%
Stressed about college and trashing his father's Porsche, Joel does the logical thing... turns his house into a brothel!Risky Business
46%
Three single women in a picturesque village have their wishes granted - at a cost - when a mysterious and flamboyant man arrives in their livesThe Witches of Eastwick
43%
Town Sheriff fights to keep a historical whorehouse open when a TV preacher targets itThe Best Little Whorehouse in Texas
40%
Millionaire Rodney Dangerfield returns to college to help his son get throughBack to School
39%
A happy drunk with no ambition. He is also the heir to a vast fortune which will only be his if he marries SusanArthur
39%
A cop reluctantly teams up with a criminal paroled to him, in order to track down a killer48 Hours
39%
The life and trials of a young African American womanThe Color Purple
39%
John is released from prison by the government for a top secret covert missionFirst Blood
38%
A fake Fabergé egg and a fellow agent's death leads 007 to uncover an international jewel smuggling operationOctopussy
38%
Saturday Night Fever's Tony returns in this sequel directed by Sylvester StalloneStaying Alive
37%
A group of Florida high schoolers seek out to help a buddy lose his virginityPorky's
36%
2 government employees think they are U.S. spies, only to discover that they are actually decoys for Nuclear WarSpies like Us
36%
A plantation owner has a passionate love affair with a free spirited big game hunterOut of Africa
35%
A wide variety of eccentric competitors participate in a wild and illegal cross country car raceThe Cannonball Run
34%
Aurora and Emma are mother and daughter who march to different drummersTerms of Endearment
30%
A talented young man can't get an executive position without rising through the ranks, so he comes up with a shortcut, which also benefits his love lifeThe Secret of My Success
28%
The Buckman family is a midwestern family all dealing with their lives: estranged relatives, raising children, pressures of the job, and learning to be a good parent and spouseParenthood
28%
Loretta Castorini, a book keeper from Brooklyn, New York, finds herself in a difficult situation when she falls for the brother of the man she agreed to marryMoonstruck
27%
Jack and Joan tire of their easy life in this sequel to Romancing the StoneThe Jewel of the Nile
26%
A young boy joins a group of time travelling, treasure hunting dwarvesTime Bandits
26%
007 is assigned to hunt for a lost encryption device and prevent it from falling into enemy handsFor Your Eyes Only
25%
Death of the older son of an affluent family deeply strains the relationships among the mother, father and the younger sonOrdinary People
25%
A cop has to watch his partner fall for the woman they've been assigned to watchStakeout
24%
A detective specializing in missing children tracks down a very special boyThe Golden Child
18%
Skip and Harry are framed for a bank robbery and end up in a western prisonStir Crazy
18%
A young man must complete his work at a Navy Flight school to become an aviatorAn Officer and a Gentleman
17%
A couple, cheated by a vile businessman, kidnap his wife in retaliation, without knowing that their enemy is delighted they didRuthless People
14%
A lawyer sees the chance to salvage his career and self respect by taking a medical malpractice case to trial rather than settlingThe Verdict
12%
A rape victim is exacting revenge in a small town outside San FranciscoSudden Impact
10%
A lost and alone kitten joins a gang of dogs engaged in petty larceny in New YorkOliver & Company
8%
Hoping to break a case a reporter prints a story about an innocent man, who vows to get evenAbsence of Malice
4%

Score Distribution

Percentile by Number Answered

Percent of People with Each Score

Your Score History

You have not taken this quiz since the last reset